000 00294nam a22001217a 4500
008 260429b |||||||| |||| 00| 0 eng d
082 _a001353
100 _aShyamacharan
245 _aPanchatantra of Vishnusharma
260 _aDelhi
_bMotilal Banarasidass
_c2019
300 _a622p
942 _2ddc
999 _c1358
_d1358